Statistiken für Afrikanische Geographie A-Z

Klicken Sie hier um das Quiz zu spielen!

Allgemein

  • Dieses Quiz wurde 4.175 mal gespielt
  • Das Durchschnittsergebnis liegt bei 14 aus 26

Antwortstatistiken

HinweisAntwort% Korrekt
AGrößtes Land nach FlächeAlgerien
95%
SGrößte Trockenwüste der ErdeSahara
86%
MInsel, die Heimat der Lemuren istMadagaskar
85%
GLand, das vom Senegal
umgeben wird
Gambia
84%
ISansibar, Djerba oder São ToméInsel
82%
JSüdafrikas bevölkerungsreichste StadtJohannesburg
82%
KAfrikas höchster BergKilimandscharo
79%
HRegion von Äthiopien und Somalia: ____ von AfrikaHorn
74%
LSeine Hauptstadt heißt MonroviaLiberia
72%
USwahili ist eine Amtssprache dieses LandesUganda
72%
VWasserfall auf der Grenze zwischen Sambia und Simbabwe{Victoria}fälle
67%
WGegenstück des Blauen NilsWeißer Nil
65%
EEinst ein Top-Export Afrikas, heute verbotenElfenbein
62%
FHauptstadt von Sierra LeoneFreetown
57%
NWüste entlang der ganzen Küste NamibiasNamib
55%
BEine der Hauptstädte SüdafrikasBloemfontein
43%
RFrüherer Name SimbabwesRhodesien
43%
ZAnderes südafrikanisches Bantu-VolkZulu
43%
PBenins de-jure-HauptstadtPorto-Novo
31%
OKüstenstadt in AlgerienOran
22%
TLängster SüßwasserseeTanganjika
21%
DBergkette in SüdafrikaDrakensberge
18%
XSüdafrikanisches Bantu-VolkXhosa
18%
CAngolanische ExklaveCabinda
11%
QAusgerottetes Zebra, nur halb gestreiftQuagga
11%
YIn Lagos gesprochene SpracheYoruba
10%

Verteilung der Resultate

Perzentil nach korrekt beantworteten Fragen

Anzahl Personen mit jedem Resultat

Ihre Resultats-Entwicklung

Sie haben dieses Quiz noch nicht gespielt